00859nam a2200193 a 4500001001000000005001700010008004100027041000800068044000700076084002300083100001700106245024000123260005400363300003300417500003900450500009100489500004500580650004000625BRCA_887620190320210438.0140617s1778----it-#######---#000-0#lat-# alat ait aBE259b.H46 [1788]1 aHenno, Franz10aRev. Patr. Fr. Francisci Henno Theologia Dog. Moral et Scholast. in gratiam et Juvamen studiosa Juventutis Franciscana FF. Minor. Recollecttorum. tomus secundus, complectens tractatus de actibus humanis, eorumque regulis et principiis. aVenetiisbSumpt. Haeredis Nicolai Pezzanac[1788] a595 p. (t.2)c16.7 x 10.7 cm aSuperiorum permissu, ac Privilegio aEstado físico: presenta encuadernación en pergamino con cintas rotas y sin portada aSe anexa una copia impresa de la portada14aTeologíayObras anteriores a 1800